00644 a2200193 450000500170000002000180001705000190003510000330005424501170008725000190020426400500022330000120027333600260028533700250031133800270033650000310036365000370039465000190043120250923091007.0 a9780797484214 aKA35bGAM 2020 aGambe Theophilus , Peauthor aA guide to Ethics, Etiquette and Trust Account Management :bLegal Practitioners handbook /c Theophilus P.Gambe aSecond edition aHarare : bLegal Resources Foundation,cC2020 a134p. : 2rdacontentatextbtxt 2rdamediaaunmediated 2rdacarrieravolumebnc ainclude table of contents a Trusts and trustees -- Zimbabwe alaw and ethics